000 00266nam a2200109Ia 4500
008 220204s9999 xx 000 0 und d
082 _a82-3DIC
_bDIC
100 _aDickens, Monica
245 0 _aOne pair of hands etc
260 _aLondon
_bHeinemann
_c1978
942 _cBK
999 _c30592
_d30592